RICS global commercial property survey United Kingdom (Record no. 110458)

MARC details
000 -LEADER
fixed length control field 02017cad a22002775a 4500
001 - CONTROL NUMBER
control field L149291
008 - FIXED-LENGTH DATA ELEMENTS--GENERAL INFORMATION
fixed length control field 091103s2010 xxkad f s 000 0 eng d
035 ## - SYSTEM CONTROL NUMBER
System control number (Sirsi) u149291
041 0# - LANGUAGE CODE
Language code of text/sound track or separate title eng
050 04 - LIBRARY OF CONGRESS CALL NUMBER
Classification number 333.33 $2 18
110 2# - MAIN ENTRY--CORPORATE NAME
Corporate name or jurisdiction name as entry element Royal Institution of Chartered Surveyors
Subordinate unit Economics
9 (RLIN) 5033
245 00 - TITLE STATEMENT
Title RICS global commercial property survey United Kingdom
Remainder of title Q4 2009
Medium [electronic resource]
260 ## - PUBLICATION, DISTRIBUTION, ETC.
Place of publication, distribution, etc. London
Name of publisher, distributor, etc. RICS
Date of publication, distribution, etc. 2010
490 #0 - SERIES STATEMENT
Series statement RICS Global Commercial Property Survey United Kingdom
Volume/sequential designation Q4 2009
520 ## - SUMMARY, ETC.
Summary, etc. An investment led property recovery has spread to a wider number of real estate markets with investor transactions rising across 70% of markets lead by with Brazil and China. Lettings? confidence over the next three months has picked up across most major markets and the outlook for capital values is viewed more positively as is the occupier market across the leading emerging economies, notably BRIC. Agents report that available space continues to rise across more than 90% of the global property markets surveyed. The development pipeline continues to weaken across most markets outside of emerging Asia and Latin America.
520 ## - SUMMARY, ETC.
Summary, etc. Also separate additional comments on the global survey.
520 ## - SUMMARY, ETC.
Summary, etc. Also separate regional commercial property surveys for the Americas; Europe; India; Oceania; and United Arab Emirates.
590 ## - LOCAL NOTE (RLIN)
Local note KA
650 24 - SUBJECT ADDED ENTRY--TOPICAL TERM
Topical term or geographic name entry element RICS GLOBAL COMMERCIAL PROPERTY SURVEY
651 #4 - SUBJECT ADDED ENTRY--GEOGRAPHIC NAME
Geographic name International
690 ## - LOCAL SUBJECT ADDED ENTRY--TOPICAL TERM (OCLC, RLIN)
Topical term or geographic name as entry element PROPERTY-COMMERCIAL PROPERTY-COMMERCIAL PROPERTY MARKET
856 40 - ELECTRONIC LOCATION AND ACCESS
Uniform Resource Identifier <a href="https://www.rics.org/site/download_feed.aspx?fileID=5903&fileExtension=PDF">https://www.rics.org/site/download_feed.aspx?fileID=5903&fileExtension=PDF</a>
Public note View the survey free of charge at www.rics.org...
856 40 - ELECTRONIC LOCATION AND ACCESS
Uniform Resource Identifier <a href="https://www.rics.org/site/scripts/download_info.aspx?downloadID=4783">https://www.rics.org/site/scripts/download_info.aspx?downloadID=4783</a>
Public note View the additional comments on the global survey free of charge at www.rics.org
856 40 - ELECTRONIC LOCATION AND ACCESS
Uniform Resource Identifier <a href="https://www.rics.org/site/scripts/download_info.aspx?downloadID=4783">https://www.rics.org/site/scripts/download_info.aspx?downloadID=4783</a>
Public note View the regional commercial property surveys free of charge at www.rics.org
942 ## - ADDED ENTRY ELEMENTS (KOHA)
Suppress in OPAC 0
Holdings
Withdrawn status Lost status Source of classification or shelving scheme Damaged status Not for loan Home library Current library Shelving location Date acquired Total Checkouts Full call number Barcode Date last seen Copy number Price effective from Koha item type
    Dewey Decimal Classification     Virtual Virtual Online 17/02/2010   ONLINE PUBLICATION 149291-2001 06/08/2019 1 06/08/2019 Book